Japanese Vocabulary: Transportation and Vehicles - Statistics

General Stats
  • This quiz has been taken 71 times
  • The average score is 12 of 45
Answer Stats
English Kanji/Kana Answer % Correct
car kuruma
95%
bus バス basu
86%
bike 自転車 jitensha
67%
train 電車 densha
62%
shinkansen 新幹線 shinkansen
62%
taxi タクシー takushī
57%
subway 地下鉄 chikatetsu
48%
ship fune
48%
plane 飛行機 hikōki
48%
truck トラック torakku
43%
ambulance 救急車 kyūkyūsha
38%
road 道路 dōro
33%
monorail モノレール monorēru
33%
rocket ロケット roketto
33%
balloon 風船 fūsen
29%
helicopter ヘリコプター herikoputā
29%
street 通り doori
24%
tractor トラクター torakutā
24%
motorcycle オートバイ ōtobai
19%
traffic light 信号 shingō
19%
railroad 鉄道 tetsudō
19%
limited express 特急 tokkyū
19%
pavement 歩道 hodō
14%
traffic 交通 kōtsū
14%
traffic accident 交通事故 kōtsūjiko
14%
vehicle 乗り物 norimono
14%
limousine リムジン rimujin
14%
tram 路面電車 romendensha
14%
line (bus,train, etc.) 路線 rosen
14%
canal 運河 unga
14%
drivers license 運転面鏡 untenmenkyo
14%
one way road 一方通行 ippōtsūkō
10%
passenger 乗客 jōkyaku
10%
traffic jam 渋滞 jūtai
10%
highway 高速道路 kōsokudōro
10%
pedestrian crossing 横断歩道 ōdanhodō
10%
avenue 大通り ōdoori
10%
police car パトカー patokā
10%
railway 線路 senro
10%
fire truck 消防車 shōbōsha
10%
yacht ヨット yotto
10%
dump truck ダンプカー danpukā
5%
garbage truck ゴミ収集車 gomishūshūsha
5%
raft いかだ ikada
5%
excavator 油圧ショベル yuatsushoberu
5%
No matching quizzes found
Score Distribution
Percent of People with Each Score
Percentile by Number Answered
Your Score History
You have not taken this quiz